054_ Personnalités nées un 23 février par images - Statistiques

Statistiques générales
  • Ce quiz a été pris 30 fois
  • Le résultat moyen est 2 sur 9
Statistiques - réponses
Par images Hint Réponse % Correct
Politiciennes Nathalie Arthaud
93%
Chanteur Louis Bertignac
77%
Publicitaire Jacques Séguéla
30%
Compositeur Georg Friedrich Haendel
10%
Dirigeant Politique Naruhito
7%
Réalisateur Victor Fleming
3%
Actrice Kristin Davis
0%
Homme d'affaires Mayer Amschel Rothschild
0%
Dirigeant Politique Viktor Iouchtchenko
0%
Aucun quiz correspondant
Distribution des résultats
% des personnes avec chaque résultat
Percentile par nombre de réponses
Votre historique - résultats
Vous n’avez pas pris ce quiz